000 00308nam a2200145Ia 4500
999 _c14207
_d14207
003 OSt
005 20260304161910.0
008 260210s9999 xx 000 0 und d
020 _a9788496424821
082 _a711
100 _aLam
245 0 _aLandscape Design Uk
260 _bLinks
942 _cBPLAN
_2ddc